00428pab a2200133 454500008004000000100001700040245014900057260000900206300001400215362000800229650001500237650000800252773003400260180718b2009 xxu||||| |||| 00| 0 eng d aEsser, Frank aMetacoverage of mediated wars: how the press framed the role of the news media and of military news management in the Iraq wars of 1991 and 2003 c2009 ap.709-34. aJan aMass media aWar aAmerican Behavioral Scientist